[Event "DEM U12 2021"]
[Site "Willingen GER"]
[Date "2021.08.26"]
[Round "5"]
[White "Neuhoff, Laertes"]
[Black "Engel, Bruno"]
[Result "0-1"]
[Termination "normal"]
[Board "3"]
[WhiteElo "1847"]
[BlackElo "1660"]
[WhiteClock "00:06:40"]
[BlackClock "00:47:53"]
[PlyCount "120"]
[WhiteFideId "16279719"]
[BlackFideId "34609008"]
[EventCountry "GER"]
[EventRounds "9"]
[EventType "swiss"]
[EventDate "2021.08.22"]

1. e4 {[%clk 01:30:59]} c5 {[%clk 01:30:51]} {[%emt 00:00:09]} 2. Nf3 {[%clk
01:31:24]} {[%emt 00:00:05]} Nc6 {[%clk 01:30:45]} {[%emt 00:00:36]} 3. d4
{[%clk 01:31:23]} {[%emt 00:00:30]} cxd4 {[%clk 01:31:08]} {[%emt 00:00:07]} 4.
Nxd4 {[%clk 01:31:44]} {[%emt 00:00:09]} e5 {[%clk 01:31:31]} {[%emt 00:00:07]}
5. Nb5 {[%clk 01:28:38]} {[%emt 00:03:36]} a6 {[%clk 01:31:20]} {[%emt
00:00:40]} 6. Nd6+ {[%clk 01:28:03]} {[%emt 00:01:05]} Bxd6 {[%clk 01:31:41]}
{[%emt 00:00:09]} 7. Qxd6 {[%clk 01:28:26]} {[%emt 00:00:08]} Qf6 {[%clk
01:32:02]} {[%emt 00:00:09]} 8. Qxf6 {[%clk 01:20:02]} {[%emt 00:08:55]} Nxf6
{[%clk 01:32:20]} {[%emt 00:00:11]} 9. Nc3 {[%clk 01:20:15]} {[%emt 00:00:17]}
Nb4 {[%clk 01:31:28]} {[%emt 00:01:22]} 10. Bd3 {[%clk 01:19:02]} {[%emt
00:01:44]} d6 {[%clk 01:29:11]} {[%emt 00:02:47]} 11. O-O {[%clk 01:16:05]}
{[%emt 00:03:26]} Be6 {[%clk 01:26:32]} {[%emt 00:03:08]} 12. f4 {[%clk
01:02:56]} {[%emt 00:13:40]} Rc8 {[%clk 01:23:06]} {[%emt 00:03:57]} 13. f5
{[%clk 00:52:31]} {[%emt 00:10:54]} Bc4 {[%clk 01:22:31]} {[%emt 00:01:04]} 14.
Rd1 {[%clk 00:52:09]} {[%emt 00:00:52]} Bxd3 {[%clk 01:17:18]} {[%emt
00:05:44]} 15. cxd3 {[%clk 00:52:29]} {[%emt 00:00:10]} Nc2 {[%clk 01:16:37]}
{[%emt 00:01:11]} 16. Rb1 {[%clk 00:52:24]} {[%emt 00:00:35]} h6 {[%clk
01:15:32]} {[%emt 00:01:35]} 17. Bd2 {[%clk 00:46:01]} {[%emt 00:06:53]} b5
{[%clk 01:11:12]} {[%emt 00:04:51]} 18. Rbc1 {[%clk 00:37:04]} {[%emt
00:09:27]} Nd4 {[%clk 01:09:52]} {[%emt 00:01:50]} 19. Be3 {[%clk 00:33:03]}
{[%emt 00:04:31]} Nc6 {[%clk 01:06:38]} {[%emt 00:03:44]} 20. h3 {[%clk
00:22:15]} {[%emt 00:11:18]} Ke7 {[%clk 01:01:21]} {[%emt 00:05:47]} 21. g4
{[%clk 00:21:31]} {[%emt 00:01:13]} b4 {[%clk 00:56:17]} {[%emt 00:05:34]} 22.
Nd5+ {[%clk 00:10:28]} {[%emt 00:11:33]} Nxd5 {[%clk 00:56:33]} {[%emt
00:00:14]} 23. exd5 {[%clk 00:10:57]} {[%emt 00:00:01]} Nb8 {[%clk 00:56:09]}
{[%emt 00:00:54]} 24. Bd2 {[%clk 00:06:12]} {[%emt 00:05:15]} a5 {[%clk
00:54:40]} {[%emt 00:01:58]} 25. a3 {[%clk 00:06:33]} {[%emt 00:00:10]} bxa3
{[%clk 00:53:07]} {[%emt 00:02:03]} 26. bxa3 {[%clk 00:06:55]} {[%emt
00:00:08]} a4 {[%clk 00:53:07]} {[%emt 00:00:31]} 27. Kf2 {[%clk 00:02:27]}
{[%emt 00:04:58]} Nd7 {[%clk 00:50:23]} {[%emt 00:03:14]} 28. Rb1 {[%clk
00:00:57]} {[%emt 00:02:00]} Nc5 {[%clk 00:49:41]} {[%emt 00:01:11]} 29. Be3
{[%clk 00:01:02]} {[%emt 00:00:25]} Nb3 {[%clk 00:49:05]} {[%emt 00:01:06]} 30.
Rb2 {[%clk 00:01:21]} {[%emt 00:00:11]} Rb8 {[%clk 00:47:30]} {[%emt 00:02:05]}
31. d4 {[%clk 00:00:56]} {[%emt 00:00:56]} e4 {[%clk 00:47:32]} {[%emt
00:00:28]} 32. Kg3 {[%clk 00:00:56]} {[%emt 00:00:30]} f6 {[%clk 00:47:41]}
{[%emt 00:00:20]} 33. Rdb1 {[%clk 00:01:00]} {[%emt 00:00:27]} Kd7 {[%clk
00:48:00]} {[%emt 00:00:12]} 34. Kf4 {[%clk 00:01:17]} {[%emt 00:00:12]} Rhe8
{[%clk 00:48:10]} {[%emt 00:00:20]} 35. h4 {[%clk 00:01:12]} {[%emt 00:00:35]}
Rb5 {[%clk 00:44:04]} {[%emt 00:04:35]} 36. Rc2 {[%clk 00:00:59]} {[%emt
00:00:44]} Nxd4 {[%clk 00:41:22]} {[%emt 00:03:13]} 37. Rxb5 {[%clk 00:01:21]}
{[%emt 00:00:08]} Nxb5 {[%clk 00:41:43]} {[%emt 00:00:09]} 38. Rc4 {[%clk
00:01:34]} {[%emt 00:00:17]} Nc7 {[%clk 00:41:45]} {[%emt 00:00:29]} 39. Rd4
{[%clk 00:01:28]} {[%emt 00:00:34]} Re5 {[%clk 00:41:52]} {[%emt 00:00:24]} 40.
Rxe4 {[%clk 00:01:22]} {[%emt 00:00:36]} Nxd5+ {[%clk 00:42:07]} {[%emt
00:00:15]} 41. Kf3 {[%clk 00:01:44]} {[%emt 00:00:07]} Nxe3 {[%clk 00:42:04]}
{[%emt 00:00:33]} 42. Rxe3 {[%clk 00:01:53]} {[%emt 00:00:21]} Rxe3+ {[%clk
00:42:22]} {[%emt 00:00:12]} 43. Kxe3 {[%clk 00:02:22]} {[%emt 00:00:01]} d5
{[%clk 00:42:25]} {[%emt 00:00:27]} 44. Kd3 {[%clk 00:02:17]} {[%emt 00:00:36]}
Kd6 {[%clk 00:42:43]} {[%emt 00:00:12]} 45. Kd4 {[%clk 00:02:42]} {[%emt
00:00:04]} Kc6 {[%clk 00:43:07]} {[%emt 00:00:06]} 46. Kd3 {[%clk 00:03:00]}
{[%emt 00:00:12]} Kc5 {[%clk 00:43:28]} {[%emt 00:00:09]} 47. Kc3 {[%clk
00:03:21]} {[%emt 00:00:10]} d4+ {[%clk 00:43:50]} {[%emt 00:00:08]} 48. Kd3
{[%clk 00:03:49]} {[%emt 00:00:02]} Kd5 {[%clk 00:44:11]} {[%emt 00:00:09]} 49.
Kd2 {[%clk 00:04:06]} {[%emt 00:00:12]} Kc4 {[%clk 00:44:24]} {[%emt 00:00:18]}
50. Kc2 {[%clk 00:04:30]} {[%emt 00:00:06]} d3+ {[%clk 00:44:46]} {[%emt
00:00:09]} 51. Kd2 {[%clk 00:03:18]} {[%emt 00:01:42]} Kd4 {[%clk 00:45:07]}
{[%emt 00:00:08]} 52. Kd1 {[%clk 00:03:43]} {[%emt 00:00:05]} Ke3 {[%clk
00:45:25]} {[%emt 00:00:12]} 53. Ke1 {[%clk 00:04:04]} {[%emt 00:00:08]} Kf4
{[%clk 00:45:33]} {[%emt 00:00:23]} 54. Kd2 {[%clk 00:04:30]} {[%emt 00:00:04]}
Kxg4 {[%clk 00:45:38]} {[%emt 00:00:25]} 55. Kxd3 {[%clk 00:04:55]} {[%emt
00:00:05]} Kxf5 {[%clk 00:46:01]} {[%emt 00:00:07]} 56. Kc4 {[%clk 00:05:07]}
{[%emt 00:00:18]} Kg4 {[%clk 00:46:22]} {[%emt 00:00:09]} 57. Kb4 {[%clk
00:05:26]} {[%emt 00:00:12]} f5 {[%clk 00:46:47]} {[%emt 00:00:05]} 58. Kxa4
{[%clk 00:05:51]} {[%emt 00:00:05]} f4 {[%clk 00:47:10]} {[%emt 00:00:07]} 59.
Kb3 {[%clk 00:06:10]} {[%emt 00:00:10]} f3 {[%clk 00:47:31]} {[%emt 00:00:10]}
60. a4 {[%clk 00:06:40]} {[%emt 00:00:01]} f2 {[%clk 00:47:53]} {[%emt
00:00:08]} 0-1

[Event "DEM U12 2021"]
[Site "Willingen GER"]
[Date "2021.08.26"]
[Round "5"]
[White "Malinowsky, Levi"]
[Black "Uyar, Levin"]
[Result "1-0"]
[Termination "normal"]
[Board "4"]
[WhiteElo "1593"]
[BlackElo "1048"]
[WhiteClock "01:03:50"]
[BlackClock "00:32:14"]
[PlyCount "51"]
[WhiteFideId "16253094"]
[BlackFideId "16282108"]
[EventCountry "GER"]
[EventRounds "9"]
[EventType "swiss"]
[EventDate "2021.08.22"]

1. e4 {[%clk 01:30:57]} {[%emt 00:00:02]} e5 {[%clk 01:30:49]} {[%emt
00:00:12]} 2. Nf3 {[%clk 01:31:11]} {[%emt 00:00:15]} Nc6 {[%clk 01:31:10]}
{[%emt 00:00:09]} 3. Bb5 {[%clk 01:31:10]} {[%emt 00:00:31]} a6 {[%clk
01:30:59]} {[%emt 00:00:41]} 4. Ba4 {[%clk 01:31:12]} {[%emt 00:00:27]} Nf6
{[%clk 01:31:10]} {[%emt 00:00:20]} 5. O-O {[%clk 01:31:07]} {[%emt 00:00:34]}
Nxe4 {[%clk 01:30:35]} {[%emt 00:01:06]} 6. d4 {[%clk 01:30:32]} {[%emt
00:01:05]} b5 {[%clk 01:30:15]} {[%emt 00:00:51]} 7. Bb3 {[%clk 01:30:22]}
{[%emt 00:00:39]} d5 {[%clk 01:29:51]} {[%emt 00:00:54]} 8. dxe5 {[%clk
01:28:56]} {[%emt 00:01:57]} Be6 {[%clk 01:30:07]} {[%emt 00:00:14]} 9. c3
{[%clk 01:26:42]} {[%emt 00:02:43]} Be7 {[%clk 01:28:47]} {[%emt 00:01:49]} 10.
a4 {[%clk 01:23:18]} {[%emt 00:03:55]} Na5 {[%clk 01:26:55]} {[%emt 00:02:23]}
11. Bc2 {[%clk 01:18:26]} {[%emt 00:05:22]} O-O {[%clk 01:26:41]} {[%emt
00:00:43]} 12. Qe2 {[%clk 01:14:54]} {[%emt 00:04:01]} Nc5 {[%clk 01:21:46]}
{[%emt 00:05:26]} 13. axb5 {[%clk 01:11:29]} {[%emt 00:03:54]} axb5 {[%clk
01:19:48]} {[%emt 00:02:29]} 14. Nd4 {[%clk 01:09:37]} {[%emt 00:02:22]} Nab3
{[%clk 01:16:12]} {[%emt 00:04:06]} 15. Rxa8 {[%clk 01:06:17]} {[%emt
00:03:48]} Nxc1 {[%clk 01:15:05]} {[%emt 00:01:38]} 16. Bxh7+ {[%clk 01:05:13]}
{[%emt 00:01:35]} Kh8 {[%clk 01:12:33]} {[%emt 00:03:02]} 17. Qh5 {[%clk
01:05:21]} {[%emt 00:00:21]} Bg4 {[%clk 01:01:31]} {[%emt 00:11:34]} 18. Qxg4
{[%clk 01:04:27]} {[%emt 00:01:23]} Qxa8 {[%clk 01:01:36]} {[%emt 00:00:23]}
19. Nf5 {[%clk 01:03:49]} {[%emt 00:01:10]} g6 {[%clk 00:57:31]} {[%emt
00:04:36]} 20. Bxg6 {[%clk 01:03:53]} {[%emt 00:00:26]} Ne2+ {[%clk 00:55:39]}
{[%emt 00:02:22]} 21. Qxe2 {[%clk 01:03:22]} {[%emt 00:01:01]} fxg6 {[%clk
00:55:19]} {[%emt 00:00:50]} 22. Nxe7 {[%clk 01:03:40]} {[%emt 00:00:13]} Kg7
{[%clk 00:51:00]} {[%emt 00:04:47]} 23. Qxb5 {[%clk 01:03:43]} {[%emt
00:00:28]} Ne6 {[%clk 00:42:13]} {[%emt 00:09:17]} 24. Qd7 {[%clk 01:03:35]}
{[%emt 00:00:38]} Nf4 {[%clk 00:40:45]} {[%emt 00:01:58]} 25. Nf5+ {[%clk
01:03:50]} {[%emt 00:00:13]} Kg8 {[%clk 00:32:14]} {[%emt 00:09:03]} 26. Qg7#
{[%emt 00:00:07]} 1-0

[Event "DEM U12 2021"]
[Site "Willingen GER"]
[Date "2021.08.26"]
[Round "5"]
[White "Dorendorf, Mika"]
[Black "Torosyan, Bagrat"]
[Result "0-1"]
[Termination "normal"]
[Board "5"]
[WhiteElo "1492"]
[BlackElo "1598"]
[WhiteClock "01:13:26"]
[BlackClock "00:52:56"]
[PlyCount "74"]
[WhiteFideId "16283066"]
[BlackFideId "16258134"]
[EventCountry "GER"]
[EventRounds "9"]
[EventType "swiss"]
[EventDate "2021.08.22"]

1. d4 {[%clk 01:30:58]} {[%emt 00:00:02]} d5 {[%clk 01:30:53]} {[%emt
00:00:07]} 2. c4 {[%clk 01:31:25]} {[%emt 00:00:03]} e6 {[%clk 01:31:16]}
{[%emt 00:00:07]} 3. Nc3 {[%clk 01:31:52]} {[%emt 00:00:03]} Be7 {[%clk
01:31:39]} {[%emt 00:00:07]} 4. Nf3 {[%clk 01:32:17]} {[%emt 00:00:05]} Nf6
{[%clk 01:32:03]} {[%emt 00:00:05]} 5. cxd5 {[%clk 01:32:39]} {[%emt 00:00:09]}
exd5 {[%clk 01:32:25]} {[%emt 00:00:09]} 6. Bg5 {[%clk 01:33:02]} {[%emt
00:00:06]} c6 {[%clk 01:32:06]} {[%emt 00:00:49]} 7. Qc2 {[%clk 01:33:03]}
{[%emt 00:00:29]} O-O {[%clk 01:32:16]} {[%emt 00:00:19]} 8. e3 {[%clk
01:31:35]} {[%emt 00:01:58]} h6 {[%clk 01:32:34]} {[%emt 00:00:11]} 9. Bh4
{[%clk 01:31:57]} {[%emt 00:00:08]} Ne4 {[%clk 01:32:29]} {[%emt 00:00:35]} 10.
Bxe7 {[%clk 01:31:58]} {[%emt 00:00:29]} Qxe7 {[%clk 01:32:52]} {[%emt
00:00:06]} 11. Bd3 {[%clk 01:32:23]} {[%emt 00:00:05]} Nxc3 {[%clk 01:32:53]}
{[%emt 00:00:29]} 12. bxc3 {[%clk 01:32:48]} {[%emt 00:00:06]} Nd7 {[%clk
01:32:47]} {[%emt 00:00:36]} 13. O-O {[%clk 01:33:02]} {[%emt 00:00:16]} Nf6
{[%clk 01:32:33]} {[%emt 00:00:43]} 14. Rfe1 {[%clk 01:32:49]} {[%emt
00:00:42]} Be6 {[%clk 01:23:10]} {[%emt 00:09:54]} 15. Rab1 {[%clk 01:30:35]}
{[%emt 00:02:45]} Rac8 {[%clk 01:21:13]} {[%emt 00:02:26]} 16. Qb3 {[%clk
01:29:43]} {[%emt 00:01:23]} Rc7 {[%clk 01:21:00]} {[%emt 00:00:42]} 17. Qb4
{[%clk 01:28:49]} {[%emt 00:01:23]} b6 {[%clk 01:19:21]} {[%emt 00:02:10]} 18.
Qxe7 {[%clk 01:28:43]} {[%emt 00:00:35]} Rxe7 {[%clk 01:19:43]} {[%emt
00:00:08]} 19. Ne5 {[%clk 01:28:27]} {[%emt 00:00:47]} Rc7 {[%clk 01:14:27]}
{[%emt 00:05:47]} 20. a4 {[%clk 01:25:57]} {[%emt 00:03:00]} c5 {[%clk
01:11:32]} {[%emt 00:03:24]} 21. a5 {[%clk 01:25:07]} {[%emt 00:01:20]} Rb8
{[%clk 01:11:15]} {[%emt 00:00:46]} 22. axb6 {[%clk 01:25:12]} {[%emt
00:00:26]} axb6 {[%clk 01:11:29]} {[%emt 00:00:16]} 23. Rb2 {[%clk 01:24:59]}
{[%emt 00:00:42]} c4 {[%clk 01:10:05]} {[%emt 00:01:53]} 24. Bc2 {[%clk
01:25:06]} {[%emt 00:00:22]} Nd7 {[%clk 01:08:30]} {[%emt 00:02:06]} 25. Nxd7
{[%clk 01:25:06]} {[%emt 00:00:31]} Bxd7 {[%clk 01:08:52]} {[%emt 00:00:08]}
26. Reb1 {[%clk 01:25:27]} {[%emt 00:00:09]} b5 {[%clk 01:08:55]} {[%emt
00:00:28]} 27. Ba4 {[%clk 01:24:51]} {[%emt 00:01:06]} Ra7 {[%clk 01:08:51]}
{[%emt 00:00:33]} 28. Rb4 {[%clk 01:24:10]} {[%emt 00:01:11]} Bf5 {[%clk
01:04:03]} {[%emt 00:05:18]} 29. R1b2 {[%clk 01:23:22]} {[%emt 00:01:16]} Rba8
{[%clk 01:03:50]} {[%emt 00:00:45]} 30. g4 {[%clk 01:22:03]} {[%emt 00:01:49]}
Bxg4 {[%clk 00:56:46]} {[%emt 00:07:34]} 31. Bxb5 {[%clk 01:21:59]} {[%emt
00:00:35]} Bf3 {[%clk 00:56:48]} {[%emt 00:00:28]} 32. h4 {[%clk 01:18:15]}
{[%emt 00:04:14]} Ra3 {[%clk 00:55:14]} {[%emt 00:02:03]} 33. Bxc4 {[%clk
01:16:17]} {[%emt 00:02:29]} dxc4 {[%clk 00:55:15]} {[%emt 00:00:28]} 34. Rxc4
{[%clk 01:16:34]} {[%emt 00:00:14]} R8a6 {[%clk 00:54:47]} {[%emt 00:00:59]}
35. Kh2 {[%clk 01:16:28]} {[%emt 00:00:35]} Rg6 {[%clk 00:54:19]} {[%emt
00:00:58]} 36. Rb1 {[%clk 01:14:43]} {[%emt 00:02:16]} Ra2 {[%clk 00:53:32]}
{[%emt 00:01:17]} 37. Rf1 {[%clk 01:13:26]} {[%emt 00:01:41]} Bg2 {[%clk
00:52:56]} {[%emt 00:01:11]} 0-1

[Event "DEM U12 2021"]
[Site "Willingen GER"]
[Date "2021.08.26"]
[Round "5"]
[White "Haubold, Sebastian Marcel"]
[Black "Burkart, Lloyd Shang"]
[Result "1-0"]
[Termination "normal"]
[Board "6"]
[WhiteElo "1813"]
[BlackElo "1569"]
[WhiteClock "00:34:18"]
[BlackClock "00:21:16"]
[PlyCount "79"]
[WhiteFideId "16259637"]
[BlackFideId "16239059"]
[EventCountry "GER"]
[EventRounds "9"]
[EventType "swiss"]
[EventDate "2021.08.22"]

1. e4 {[%clk 01:30:57]} {[%emt 00:00:02]} c5 {[%clk 01:30:54]} {[%emt
00:00:07]} 2. Nf3 {[%clk 01:31:22]} {[%emt 00:00:04]} e6 {[%clk 01:31:18]}
{[%emt 00:00:06]} 3. d4 {[%clk 01:31:49]} {[%emt 00:00:03]} cxd4 {[%clk
01:31:43]} {[%emt 00:00:05]} 4. Nxd4 {[%clk 01:32:14]} {[%emt 00:00:05]} a6
{[%clk 01:31:53]} {[%emt 00:00:21]} 5. Bd3 {[%clk 01:31:16]} {[%emt 00:01:27]}
Nf6 {[%clk 01:31:55]} {[%emt 00:00:28]} 6. O-O {[%clk 01:31:03]} {[%emt
00:00:43]} Qc7 {[%clk 01:30:58]} {[%emt 00:01:27]} 7. c4 {[%clk 01:15:55]}
{[%emt 00:15:39]} b6 {[%clk 01:17:59]} {[%emt 00:13:30]} 8. Nc3 {[%clk
01:12:15]} {[%emt 00:04:09]} Bb7 {[%clk 01:17:08]} {[%emt 00:01:21]} 9. Be3
{[%clk 01:05:44]} {[%emt 00:07:01]} d6 {[%clk 01:14:59]} {[%emt 00:02:40]} 10.
f3 {[%clk 00:59:37]} {[%emt 00:06:36]} Nbd7 {[%clk 01:13:19]} {[%emt 00:02:10]}
11. Rc1 {[%clk 00:57:21]} {[%emt 00:02:46]} Be7 {[%clk 01:11:14]} {[%emt
00:02:35]} 12. Qd2 {[%clk 00:53:37]} {[%emt 00:04:14]} h5 {[%clk 01:04:52]}
{[%emt 00:06:52]} 13. b4 {[%clk 00:47:48]} {[%emt 00:06:19]} O-O {[%clk
01:01:14]} {[%emt 00:04:08]} 14. Rfd1 {[%clk 00:43:44]} {[%emt 00:04:35]} Rfd8
{[%clk 00:55:44]} {[%emt 00:06:00]} 15. Nd5 {[%clk 00:41:13]} {[%emt 00:03:01]}
exd5 {[%clk 00:54:29]} {[%emt 00:01:45]} 16. cxd5 {[%clk 00:41:19]} {[%emt
00:00:25]} Nc5 {[%clk 00:53:30]} {[%emt 00:01:29]} 17. bxc5 {[%clk 00:41:06]}
{[%emt 00:00:43]} bxc5 {[%clk 00:53:26]} {[%emt 00:00:34]} 18. Nf5 {[%clk
00:40:58]} {[%emt 00:00:38]} Bc8 {[%clk 00:49:24]} {[%emt 00:04:32]} 19. Nxe7+
{[%clk 00:38:13]} {[%emt 00:03:14]} Qxe7 {[%clk 00:49:08]} {[%emt 00:00:46]}
20. Rb1 {[%clk 00:36:42]} {[%emt 00:02:02]} Qc7 {[%clk 00:36:21]} {[%emt
00:13:17]} 21. Bg5 {[%clk 00:34:12]} {[%emt 00:02:59]} Re8 {[%clk 00:34:15]}
{[%emt 00:02:36]} 22. Bxf6 {[%clk 00:33:12]} {[%emt 00:01:30]} gxf6 {[%clk
00:34:43]} {[%emt 00:00:02]} 23. Qh6 {[%clk 00:33:35]} {[%emt 00:00:07]} c4
{[%clk 00:31:19]} {[%emt 00:03:54]} 24. Bc2 {[%clk 00:33:16]} {[%emt 00:00:48]}
Qc5+ {[%clk 00:31:04]} {[%emt 00:00:45]} 25. Kh1 {[%clk 00:33:21]} {[%emt
00:00:24]} Qf2 {[%clk 00:30:28]} {[%emt 00:01:07]} 26. Ba4 {[%clk 00:33:15]}
{[%emt 00:00:36]} Re5 {[%clk 00:28:51]} {[%emt 00:02:08]} 27. Qxf6 {[%clk
00:32:54]} {[%emt 00:00:51]} Kh7 {[%clk 00:20:19]} {[%emt 00:09:01]} 28. Qxf7+
{[%clk 00:32:26]} {[%emt 00:00:59]} Kh8 {[%clk 00:20:26]} {[%emt 00:00:21]} 29.
Rf1 {[%clk 00:31:50]} {[%emt 00:01:08]} Qxa2 {[%clk 00:20:46]} {[%emt
00:00:09]} 30. Bc6 {[%clk 00:32:14]} {[%emt 00:00:07]} Rg5 {[%clk 00:20:54]}
{[%emt 00:00:22]} 31. Qf6+ {[%clk 00:32:39]} {[%emt 00:00:05]} Rg7 {[%clk
00:21:20]} {[%emt 00:00:04]} 32. Rg1 {[%clk 00:32:37]} {[%emt 00:00:32]} Raa7
{[%clk 00:20:09]} {[%emt 00:01:42]} 33. Rb8 {[%clk 00:32:50]} {[%emt 00:00:16]}
Kh7 {[%clk 00:20:29]} {[%emt 00:00:10]} 34. Rxc8 {[%clk 00:32:05]} {[%emt
00:01:16]} Raf7 {[%clk 00:20:55]} {[%emt 00:00:05]} 35. Qh4 {[%clk 00:32:30]}
{[%emt 00:00:05]} Kg6 {[%clk 00:20:15]} {[%emt 00:01:10]} 36. Be8 {[%clk
00:32:45]} {[%emt 00:00:14]} c3 {[%clk 00:20:08]} {[%emt 00:00:36]} 37. Bxf7+
{[%clk 00:33:11]} {[%emt 00:00:04]} Rxf7 {[%clk 00:20:32]} {[%emt 00:00:06]}
38. Rg8+ {[%clk 00:33:36]} {[%emt 00:00:05]} Kh7 {[%clk 00:20:57]} {[%emt
00:00:06]} 39. Rg5 {[%clk 00:33:56]} {[%emt 00:00:09]} Rf6 {[%clk 00:21:16]}
{[%emt 00:00:11]} 40. Qxh5+ {[%clk 00:34:18]} {[%emt 00:00:08]} 1-0

[Event "DEM U12 2021"]
[Site "Willingen GER"]
[Date "2021.08.26"]
[Round "5"]
[White "Shkundin, Maximilian"]
[Black "Huber, Benedikt"]
[Result "1-0"]
[Termination "normal"]
[Board "9"]
[WhiteElo "1263"]
[BlackElo "1613"]
[WhiteClock "00:36:43"]
[BlackClock "00:10:11"]
[PlyCount "63"]
[WhiteFideId "16287258"]
[BlackFideId "16281225"]
[EventCountry "GER"]
[EventRounds "9"]
[EventType "swiss"]
[EventDate "2021.08.22"]

1. e4 {[%clk 01:30:58]} {[%emt 00:00:02]} e6 {[%clk 01:30:55]} {[%emt
00:00:05]} 2. d4 {[%clk 01:31:11]} {[%emt 00:00:17]} d5 {[%clk 01:31:22]}
{[%emt 00:00:04]} 3. e5 {[%clk 01:31:31]} {[%emt 00:00:09]} c5 {[%clk
01:31:48]} {[%emt 00:00:05]} 4. c3 {[%clk 01:31:53]} {[%emt 00:00:08]} Nc6
{[%clk 01:32:14]} {[%emt 00:00:04]} 5. Nf3 {[%clk 01:32:14]} {[%emt 00:00:08]}
Nh6 {[%clk 01:32:31]} {[%emt 00:00:14]} 6. Bd3 {[%clk 01:25:02]} {[%emt
00:07:41]} cxd4 {[%clk 01:30:42]} {[%emt 00:02:20]} 7. cxd4 {[%clk 01:24:55]}
{[%emt 00:00:37]} Nf5 {[%clk 01:31:03]} {[%emt 00:00:09]} 8. Bxf5 {[%clk
01:18:15]} {[%emt 00:07:10]} exf5 {[%clk 01:31:28]} {[%emt 00:00:06]} 9. O-O
{[%clk 01:18:27]} {[%emt 00:00:15]} Be7 {[%clk 01:31:20]} {[%emt 00:00:40]} 10.
Nc3 {[%clk 01:17:59]} {[%emt 00:00:58]} O-O {[%clk 01:31:11]} {[%emt 00:00:38]}
11. Qb3 {[%clk 01:16:52]} {[%emt 00:01:37]} Be6 {[%clk 01:20:18]} {[%emt
00:11:23]} 12. Qxb7 {[%clk 01:15:15]} {[%emt 00:02:07]} Na5 {[%clk 01:18:49]}
{[%emt 00:02:00]} 13. Qb5 {[%clk 01:13:59]} {[%emt 00:01:46]} Nc4 {[%clk
01:18:35]} {[%emt 00:00:44]} 14. Qa4 {[%clk 01:13:55]} {[%emt 00:00:33]} g5
{[%clk 01:17:54]} {[%emt 00:01:12]} 15. Qd1 {[%clk 01:10:31]} {[%emt 00:03:54]}
f6 {[%clk 01:13:05]} {[%emt 00:05:19]} 16. Re1 {[%clk 01:07:23]} {[%emt
00:03:36]} Re8 {[%clk 01:11:34]} {[%emt 00:02:02]} 17. b3 {[%clk 01:05:14]}
{[%emt 00:02:39]} Bb4 {[%clk 01:09:22]} {[%emt 00:02:43]} 18. Qd3 {[%clk
00:51:44]} {[%emt 00:13:59]} Qa5 {[%clk 01:02:52]} {[%emt 00:07:01]} 19. bxc4
{[%clk 00:50:58]} {[%emt 00:01:15]} dxc4 {[%clk 01:01:32]} {[%emt 00:01:51]}
20. Qc2 {[%clk 00:48:51]} {[%emt 00:02:35]} g4 {[%clk 00:51:23]} {[%emt
00:10:41]} 21. Bd2 {[%clk 00:46:55]} {[%emt 00:02:24]} gxf3 {[%emt 00:06:08]}
22. a3 {[%clk 00:45:37]} Bxc3 {[%clk 00:47:05]} {[%emt 00:00:58]} 23. Bxc3
{[%clk 00:45:37]} {[%emt 00:00:30]} Qd5 {[%clk 00:47:31]} {[%emt 00:00:05]} 24.
exf6 {[%clk 00:43:49]} {[%emt 00:02:16]} Kf7 {[%clk 00:41:48]} {[%emt
00:06:14]} 25. Re5 {[%clk 00:43:42]} {[%emt 00:00:37]} Qc6 {[%clk 00:40:57]}
{[%emt 00:01:22]} 26. Rae1 {[%clk 00:43:37]} {[%emt 00:00:33]} Rad8 {[%clk
00:27:28]} {[%emt 00:13:59]} 27. Qd2 {[%clk 00:36:56]} {[%emt 00:07:11]} Bd7
{[%clk 00:09:52]} {[%emt 00:18:08]} 28. Re7+ {[%clk 00:35:57]} {[%emt
00:01:27]} Rxe7 {[%clk 00:09:05]} {[%emt 00:01:17]} 29. Rxe7+ {[%clk 00:36:12]}
{[%emt 00:00:16]} Kxf6 {[%clk 00:09:20]} {[%emt 00:00:15]} 30. d5+ {[%clk
00:36:12]} {[%emt 00:00:31]} Kxe7 {[%clk 00:09:45]} {[%emt 00:00:05]} 31. dxc6
{[%clk 00:36:26]} {[%emt 00:00:16]} Bxc6 {[%clk 00:10:11]} {[%emt 00:00:03]}
32. Bf6+ {[%clk 00:36:43]} {[%emt 00:00:13]} 1-0